000 00763nam a2200265Ia 4500
003 OSt
005 20220925220453.0
006 a|||||r|||| 00| 0
007 ta
008 220923b |||||||| |||| 00| 0 eng d
020 _a0333322835
037 _cGeneral Book
040 _aRTL
_cRTL
_beng
041 _2eng
_aeng
082 _aX:533.43,hN67, M2
100 _aBroinowski Alison Ed.
_9108912
245 0 _aUnderstanding Asean
260 _aLondon
_bMacmillan
_c1982
300 _axv, 323p Bib p 300-05, App p 270-99
_ccm.
490 _aAssociation of Southeast Asian Nations
650 _a Free Trade
650 _aEconomics
942 _hX:533.43,hN67, M2
_cGB
_2CC
999 _c571581
_d571581